000 00570nam a2200205Ia 4500
005 20250326142505.0
008 250326s9999 xx 000 0 und d
020 _a0-19-44254-5
037 _aTextbook
040 _aFMSL
_beng
_cFMSL
041 _aeng
_2eng
084 _aX N5
_qFMSL
100 _aLipsey Richard G
245 0 _aIntroduction to positive economics
_cLipsey Richard G; Chrystal K Alec
250 _a8
260 _aNew Delhi
_bNew Delhi, Oxford University
_c1995
300 _axxiv,919
942 _cTB
_hX N5
999 _c1295275
_d1295275